LEADER 01425nam--2200421---450- 001 990003038000203316 005 20071221104454.0 010 $a3-527-29507-0 035 $a000303800 035 $aUSA01000303800 035 $a(ALEPH)000303800USA01 035 $a000303800 100 $a20071221d2007----km-y0itay0103----ba 101 $aeng 102 $aGE 105 $aa|||||||001yy 200 1 $aSemiconducting polymers$echemistry, physics and engineering$fGeorges Hadziioannou and George G. Malliaras 205 $a2., completely revised and enlarged edition 210 $aWeinheim [etc.]$cWiley-VCH$dcopyr. 2007 215 $a2 v. (742 p. compl.)$cill.$d25 cm 606 0 $aPolimeri$xProprietá elettriche 606 0 $aSemiconduttori organici 676 $a620.192042972 702 1$aHADZIIOANNOU,$bGeorges 702 1$aMALLIARAS,$bGeorge 801 0$aIT$bsalbc$gISBD 912 $a990003038000203316 951 $a620.192 042 972 SEM 1$b20473 Tec.$c620$d00065767 951 $a620.192 042 972 SEM 1$b20476 Tec.$c620$d00065756 951 $a620.192 042 972 SEM 2$b20474 Tec.$c620$d00065777 951 $a620.192 042 972 SEM 2$b20475 Tec.$c620$d00065772 959 $aBK 969 $aTEC 979 $aCHIARA$b90$c20071221$lUSA01$h0953 979 $aCHIARA$b90$c20071221$lUSA01$h0956 979 $aCHIARA$b90$c20071221$lUSA01$h1044 996 $aSemiconducting polymers$9881606 997 $aUNISA